000 00316nam a22001337a 4500
008 181010b xxu||||| |||| 00| 0 eng d
020 _a9781319035884
041 _aeng
080 _22nd
_a371
100 _a25
101 _aEDU
245 _aResarch Methods Concepts and Connections
_cPasser,M.W
942 _2udc
_cBK
999 _c49285
_d49285